Návrat z trópov Cesta k rovníku (10)

Podrobná bibliografia
Hlavní autori: Miček, Štefan, 1944-2021 (Autor), Přibyl, Vladimír (Autor)
Médium: Článok
Jazyk:slovenčina
PhysicalDescription:Obr. 12.
Predmet:

MARC

LEADER 00000nab a2200000 a 4500
001 vtls000147427
003 SK-MaSNL
005 20260304173753.0
008 111104c1983 xo 0 slo
015 |a SNBRB19rr/mm-uuuuu 
035 |a CL0157534 
040 |a SNKBUCL  |b slo  |c SNKBUCL  |e AACR2 
041 0 |a slo 
044 |a xo  |c SK 
080 |a 908.669  |2 1981 
100 1 |a Miček, Štefan,  |d 1944-2021  |4 aut  |9 258380 
245 1 0 |a Návrat z trópov  |b Cesta k rovníku (10)  |c Štefan Miček, Vladimír Přibyl 
300 |b Obr. 12. 
651 7 |a Nigéria  |2 snkbucl  |9 20375 
655 7 |a články z novín a časopisov  |2 snkbucl  |9 267496 
700 1 |a Přibyl, Vladimír  |4 aut  |9 5180 
773 0 |t Život  |g Roč. 33, č. 13 (1983), s. 13-17 
850 |a Slovenská národná knižnica v Martine  |a MTA001 
852 |a SNK  |b KIS3GCP 
958 |a RK 
992 |a RBX 
999 |c 3005621  |d 3007551